National Professor Dr Nurul Islam Library 
 Online Public Access Catalogue (OPAC) 

Data and Computer Communications (Record no. 13455)

MARC details
000 -LEADER
fixed length control field 00620nam a22002417a 4500
003 - CONTROL NUMBER IDENTIFIER
control field US-DLC
005 - DATE AND TIME OF LATEST TRANSACTION
control field 20250707042302.0
008 - FIXED-LENGTH DATA ELEMENTS--GENERAL INFORMATION
fixed length control field 240904b |||||||| |||| 00| 0 eng d
020 ## - INTERNATIONAL STANDARD BOOK NUMBER
International Standard Book Number 9788131715369
040 ## - CATALOGING SOURCE
Transcribing agency DLC
041 ## - LANGUAGE CODE
Language code of text/sound track or separate title English
082 ## - DEWEY DECIMAL CLASSIFICATION NUMBER
Classification number 004.6
Item number STD
Edition number 22nd
100 ## - MAIN ENTRY--PERSONAL NAME
Personal name Stallings, W.
9 (RLIN) 804
245 ## - TITLE STATEMENT
Title Data and Computer Communications
250 ## - EDITION STATEMENT
Edition statement 8th
260 ## - PUBLICATION, DISTRIBUTION, ETC.
Place of publication, distribution, etc. New Delhi
Name of publisher, distributor, etc. Pearson
Date of publication, distribution, etc. 2007
300 ## - PHYSICAL DESCRIPTION
Extent xvi, 834p
563 ## - BINDING INFORMATION
Binding note Paperback
650 ## - SUBJECT ADDED ENTRY--TOPICAL TERM
Topical term or geographic name entry element Data Communications
9 (RLIN) 15734
650 ## - SUBJECT ADDED ENTRY--TOPICAL TERM
Topical term or geographic name entry element Computer Networking Concepts
9 (RLIN) 15735
650 ## - SUBJECT ADDED ENTRY--TOPICAL TERM
Topical term or geographic name entry element Data Transmission
9 (RLIN) 15653
942 ## - ADDED ENTRY ELEMENTS (KOHA)
Source of classification or shelving scheme Dewey Decimal Classification
Koha item type Books
Holdings
Withdrawn status Lost status Source of classification or shelving scheme Damaged status Not for loan Home library Current library Date acquired Source of acquisition Cost, normal purchase price Total Checkouts Full call number Barcode Date last seen Copy number Price effective from Koha item type Public note
    Dewey Decimal Classification     National Professor Dr Nurul Islam Library National Professor Dr Nurul Islam Library 03/12/2008 Purchase 395.00   004.6 STD 8891 04/09/2024 1 04/09/2024 Books Price in Rs.
Copyright: NPDNIL, 2025. Page Design & Management by Md. Saifuddin Molla, Librarian, NPDNIL.
Server Management by Md Murad Hosen